[Event "18sen.Bay.EM2006 Schney op"]
[Site "Schloss Schney (25.6.-3.7)"]
[Date "2006.07.01"]
[Round "7.22"]
[White "Klinger, Rudolf++"]
[Black "Leuschner, Guenter"]
[Result "0-1"]
[WhiteElo "2114"]
[BlackElo "1830"]
[PlyCount "66"]
[EventDate "2006.07.??"]
[Source "Ganslmayer"]
[SourceDate "2012.12.20"]

1. e4 e5 2. Bc4 d6 3. Nf3 Be7 4. Nc3 c6 5. Bb3 Nf6 6. d3 O-O 7. O-O Na6 8. a3
Nc5 9. Ba2 Ne6 10. Ne2 a5 11. c3 b6 12. Ng3 g6 13. Bh6 Ng7 14. h3 Kh8 15. Ng5
Ng8 16. Bxg7+ Kxg7 17. Nf3 h5 18. Nd2 Bg5 19. Ne2 Ba6 20. f4 exf4 21. Nxf4 Bxf4
22. Rxf4 Bxd3 23. Qf3 Ba6 24. Rxf7+ Kh8 25. Rf1 Bxf1 26. Nxf1 Rxf7 27. Qxf7 Qe8
28. Qc7 Nf6 29. Qxd6 Nxe4 30. Qd4+ Kh7 31. Qxb6 Qd7 32. Qb3 Rf8 33. Qa4 Qd3 0-1

[Event "18sen.Bay.EM2006 Schney op"]
[Site "Schloss Schney (25.6.-3.7)"]
[Date "2006.07.01"]
[Round "7.23"]
[White "Krafzik, Joachim"]
[Black "Scheuerlein, Gerhard"]
[Result "1-0"]
[WhiteElo "1841"]
[BlackElo "1684"]
[PlyCount "53"]
[EventDate "2006.07.??"]
[Source "Ganslmayer"]
[SourceDate "2012.12.20"]

1. b4 e5 2. Bb2 f6 3. b5 a6 4. a4 axb5 5. axb5 Rxa1 6. Bxa1 c6 7. e3 d5 8. c4
Be6 9. Qa4 dxc4 10. bxc6 Nxc6 11. Bxc4 Bxc4 12. Qxc4 Bb4 13. Ne2 Nge7 14. Nbc3
Rf8 15. Qa2 Qa5 16. Qxa5 Nxa5 17. O-O Kf7 18. d4 exd4 19. Nxd4 Rc8 20. Ncb5 Kg8
21. g3 Nac6 22. Rb1 Nxd4 23. Bxd4 Bc5 24. Bxc5 Rxc5 25. Nd6 Nc8 26. Nxc8 Rxc8
27. Rxb7 1-0

[Event "18sen.Bay.EM2006 Schney op"]
[Site "Schloss Schney (25.6.-3.7)"]
[Date "2006.07.01"]
[Round "7.24"]
[White "Stadler, Lothar"]
[Black "Harke, Horst"]
[Result "1-0"]
[WhiteElo "1790"]
[BlackElo "1666"]
[PlyCount "89"]
[EventDate "2006.07.??"]
[Source "Ganslmayer"]
[SourceDate "2012.12.20"]

1. c4 Nf6 2. Nc3 e6 3. Nf3 d5 4. e3 c6 5. Be2 Bd6 6. d4 Nbd7 7. O-O e5 8. dxe5
Nxe5 9. cxd5 cxd5 10. Nxd5 Bg4 11. Nf4 O-O 12. h3 Bxf3 13. Bxf3 Nxf3+ 14. Qxf3
Qc7 15. e4 Qc2 16. Nd3 Rfe8 17. e5 Bxe5 18. Nxe5 Rxe5 19. Qxb7 Qc8 20. Qxc8+
Rxc8 21. Be3 a6 22. Rac1 Ree8 23. Rcd1 Rc6 24. Rd4 Rc2 25. Rb1 h6 26. Rd6 Re6
27. Rd8+ Kh7 28. a4 Ne4 29. Rd7 Kg6 30. b4 Nxf2 31. Bxf2 Ree2 32. Bd4 Rxg2+ 33.
Kf1 Rh2 34. b5 axb5 35. axb5 Rh1+ 36. Bg1 Rxh3 37. b6 Rc8 38. b7 Rb8 39. Kg2
Rh5 40. Bh2 Rg5+ 41. Kh1 Rh5 42. Rb2 f5 43. Kg1 Rxh2 44. Kxh2 Kf6 45. Rb6+ 1-0

[Event "18sen.Bay.EM2006 Schney op"]
[Site "Schloss Schney (25.6.-3.7)"]
[Date "2006.07.01"]
[Round "7.25"]
[White "Neumeister, Herbert Dr"]
[Black "Schuster, Herbert"]
[Result "1-0"]
[WhiteElo "1753"]
[BlackElo "1608"]
[PlyCount "120"]
[EventDate "2006.07.??"]
[Source "Ganslmayer"]
[SourceDate "2012.12.20"]

1. d4 Nf6 2. c4 e6 3. Nc3 b6 4. e4 Bb4 5. f3 d5 6. Qa4+ Bd7 7. Qxb4 Nc6 8. Qb3
Nxd4 9. Qd1 c5 10. Bg5 h6 11. Bh4 g5 12. Bf2 dxe4 13. fxe4 e5 14. Nf3 Bg4 15.
Be2 Bxf3 16. Bxf3 Qd7 17. Nd5 Nxd5 18. exd5 O-O 19. O-O f5 20. Bh5 Qd6 21. Qd2
Rf6 22. Rae1 f4 23. Qd3 Raf8 24. Bxd4 exd4 25. Bg4 Kg7 26. Re6 Rxe6 27. Bxe6
Qe5 28. Qd1 Qe3+ 29. Kh1 d3 30. Bg4 Re8 31. d6 d2 32. d7 Rd8 33. h3 h5 34. Bxh5
Rxd7 35. Qg4 Qe7 36. Rd1 Rd3 37. Qe2 Qxe2 38. Bxe2 Rd4 39. b3 Kf6 40. Kg1 Ke5
41. Bf3 a6 42. Kf2 b5 43. Bd5 Rd3 44. Ke2 bxc4 45. bxc4 Re3+ 46. Kxd2 Ra3 47.
Re1+ Kf5 48. Be4+ Ke5 49. Bb1+ Kf6 50. Re2 a5 51. Ke1 Rc3 52. Rc2 Rg3 53. Kf1
f3 54. gxf3 Rxh3 55. Kg2 Rh4 56. Rc3 Ke5 57. Be4 Kd4 58. Rc1 Rh8 59. Bd5 Rb8
60. Rc2 a4 1-0

[Event "18sen.Bay.EM2006 Schney op"]
[Site "Schloss Schney (25.6.-3.7)"]
[Date "2006.07.01"]
[Round "7.26"]
[White "Alefs, Heinz"]
[Black "Theuermeister, Peter"]
[Result "0-1"]
[WhiteElo "1643"]
[BlackElo "1752"]
[PlyCount "112"]
[EventDate "2006.07.??"]
[Source "Ganslmayer"]
[SourceDate "2012.12.20"]

1. d4 Nf6 2. Nf3 g6 3. e3 Bg7 4. Bd3 d5 5. O-O O-O 6. Nbd2 b6 7. Qe2 c5 8. c3
Bb7 9. Ne5 Nbd7 10. f3 Nxe5 11. dxe5 Nd7 12. f4 e6 13. Qg4 Qe7 14. Nf3 f5 15.
Qg3 Rfd8 16. h4 Kh8 17. Kf2 Nf8 18. Rh1 h5 19. Be2 Rac8 20. Ng5 Nh7 21. Bd2
Nxg5 22. hxg5 Qf7 23. Qh4 Kg8 24. Qg3 Kf8 25. Rad1 Ke8 26. c4 dxc4 27. Bxc4 Bc6
28. Be2 Rc7 29. Bf3 Bxf3 30. Qxf3 Rd5 31. Bc3 Rcd7 32. Rxd5 Rxd5 33. e4 fxe4
34. Qxe4 b5 35. a4 Qf5 36. Qxf5 exf5 37. Ke3 Ke7 38. Rc1 Ke6 39. Ba5 Bf8 40.
Rc2 c4 41. Bc7 Bc5+ 42. Ke2 Rd3 43. Ba5 Re3+ 44. Kf1 Re4 45. g3 h4 46. Kg2 hxg3
47. Kxg3 Re3+ 48. Kg2 Rd3 49. Rd2 Be3 50. Rxd3 cxd3 51. Kf3 d2 52. Ke2 Bxf4 53.
Bd8 Bxe5 54. b3 Bc3 55. Kd1 f4 56. Kc2 f3 0-1

[Event "18sen.Bay.EM2006 Schney op"]
[Site "Schloss Schney (25.6.-3.7)"]
[Date "2006.07.01"]
[Round "7.27"]
[White "Ludwig, Ines"]
[Black "Wolf, Reinhard(37)"]
[Result "0-1"]
[WhiteElo "1510"]
[BlackElo "1698"]
[PlyCount "58"]
[EventDate "2006.07.??"]
[Source "Ganslmayer"]
[SourceDate "2012.12.20"]

1. d4 Nf6 2. e3 d5 3. Bd3 e6 4. Nd2 c5 5. c3 cxd4 6. cxd4 Nc6 7. f4 Be7 8. Ngf3
O-O 9. O-O Nb4 10. Bb1 Ng4 11. Nb3 f5 12. a3 Nc6 13. Ne5 Nf6 14. Bd2 Bd7 15.
Bd3 Ne4 16. Be1 Nxe5 17. dxe5 Ba4 18. Bc2 Bxb3 19. Bxb3 Qb6 20. Rf3 Bc5 21. Bf2
Rfd8 22. Qc2 Rac8 23. Rc1 Nxf2 24. Kxf2 Bxe3+ 25. Rxe3 Rxc2+ 26. Rxc2 Qd4 27.
g3 g5 28. Kf3 Rd7 29. Ba4 Qxa4 0-1

[Event "18sen.Bay.EM2006 Schney op"]
[Site "Schloss Schney (25.6.-3.7)"]
[Date "2006.07.01"]
[Round "7.28"]
[White "Fritsch, Wolfgang(36)"]
[Black "Klose, Hans-Peter"]
[Result "1-0"]
[WhiteElo "1729"]
[BlackElo "1472"]
[PlyCount "100"]
[EventDate "2006.07.??"]
[Source "Ganslmayer"]
[SourceDate "2012.12.20"]

1. e4 c5 2. Nf3 g6 3. c4 Bg7 4. d4 cxd4 5. Nxd4 Nc6 6. Be3 d6 7. Nc3 Nf6 8. Be2
O-O 9. O-O Bd7 10. h3 b6 11. Qd2 Nxd4 12. Bxd4 Bc6 13. f3 Rc8 14. Rfd1 Qc7 15.
Rac1 Rfd8 16. b4 Qb8 17. b5 Ba8 18. Bxf6 Bxf6 19. Nd5 Bxd5 20. cxd5 Rxc1 21.
Rxc1 Rc8 22. Rc6 Kf8 23. Qh6+ Kg8 24. Qd2 Kf8 25. Kf1 Kg8 26. a4 Kg7 27. a5
Rxc6 28. dxc6 Qc7 29. axb6 axb6 30. Qa2 e5 31. Qa6 Bd8 32. Bc4 Qe7 33. Qa3 Qc7
34. Kf2 Be7 35. Qa2 Bd8 36. g3 Qe7 37. f4 d5 38. exd5 Qc5+ 39. Kg2 exf4 40. Bd3
f5 41. Qc2 Qxc2+ 42. Bxc2 Kf6 43. Kf3 Ke5 44. g4 fxg4+ 45. hxg4 Kd6 46. g5 Ke5
47. Bd3 Kd4 48. Bf1 Kc3 49. Ke4 Bc7 50. Bd3 Bd6 1-0

[Event "18sen.Bay.EM2006 Schney op"]
[Site "Schloss Schney (25.6.-3.7)"]
[Date "2006.07.01"]
[Round "7.29"]
[White "Philipp, Gerhard"]
[Black "Hamm, Georg Dr"]
[Result "0-1"]
[WhiteElo "1593"]
[BlackElo "1950"]
[PlyCount "44"]
[EventDate "2006.07.??"]
[Source "Ganslmayer"]
[SourceDate "2012.12.20"]

1. e4 g6 2. d4 Bg7 3. Nf3 d6 4. Bd3 Nd7 5. Be3 Ngf6 6. h3 O-O 7. O-O e5 8. c3
Qe7 9. Nbd2 h6 10. Qc2 Nh5 11. Rfe1 Nf4 12. Bxf4 exf4 13. Re2 g5 14. Rae1 h5
15. e5 dxe5 16. Bf5 Qf6 17. Bxd7 Bxd7 18. Rxe5 g4 19. Rxh5 Qg6 20. Qxg6 fxg6
21. Rg5 gxf3 22. Nxf3 Bf5 0-1

[Event "18sen.Bay.EM2006 Schney op"]
[Site "Schloss Schney (25.6.-3.7)"]
[Date "2006.07.01"]
[Round "7.30"]
[White "Schnurr, Anton"]
[Black "Schmidt, Wolfgang(38)"]
[Result "1/2-1/2"]
[WhiteElo "1697"]
[BlackElo "1627"]
[PlyCount "90"]
[EventDate "2006.07.??"]
[Source "Ganslmayer"]
[SourceDate "2012.12.20"]

1. d4 d5 2. e3 Nf6 3. Be2 g6 4. Nd2 Bg7 5. f4 Bf5 6. Bf3 c6 7. g4 Be4 8. Nxe4
Nxe4 9. Bxe4 dxe4 10. h4 h5 11. g5 f5 12. c3 e6 13. Qb3 Qd7 14. Bd2 O-O 15. Ne2
Na6 16. a4 b6 17. O-O Rab8 18. c4 Rfd8 19. Bc3 Nc7 20. Rfd1 Qf7 21. Qc2 Ne8 22.
b3 Rd7 23. b4 Rbd8 24. c5 Rc7 25. Rab1 b5 26. axb5 cxb5 27. Ra1 Qd7 28. Ra6 Rc6
29. Rda1 Rxa6 30. Rxa6 Kf7 31. Qa2 Ra8 32. Kf2 Bf8 33. Nc1 Be7 34. Qe2 Nc7 35.
Ra2 Nd5 36. Be1 Qc7 37. Bd2 a6 38. Nb3 Bd8 39. Na5 Qd7 40. Nb3 Nc7 41. Be1 Nd5
42. Qc2 Qc7 43. Bd2 Qc6 44. Na5 Bxa5 45. Rxa5 Ne7 1/2-1/2

[Event "18sen.Bay.EM2006 Schney op"]
[Site "Schloss Schney (25.6.-3.7)"]
[Date "2006.07.01"]
[Round "7.31"]
[White "Lueders, Guenther Dr"]
[Black "Banfelder, Herbert"]
[Result "1-0"]
[WhiteElo "1696"]
[BlackElo "1607"]
[PlyCount "83"]
[EventDate "2006.07.??"]
[Source "Ganslmayer"]
[SourceDate "2012.12.20"]

1. d4 e5 2. dxe5 Nc6 3. Nf3 Qe7 4. Nbd2 Nxe5 5. Nxe5 Qxe5 6. c3 d5 7. Nf3 Qd6
8. e3 Nf6 9. Bd3 c5 10. O-O Bd7 11. b3 Be7 12. Bb2 Bc6 13. Qe2 O-O 14. Rfd1 Qc7
15. Rd2 Rad8 16. Rad1 Ne4 17. Rc2 Bf6 18. c4 Bxb2 19. cxd5 Nc3 20. Rxc3 Bxc3
21. dxc6 Qxc6 22. Qc2 Bf6 23. Bxh7+ Kh8 24. Bd3 Rd7 25. Qc4 g6 26. e4 Re8 27.
Re1 Bd4 28. e5 Qd5 29. Qc1 Rde7 30. Qh6+ Kg8 31. Bxg6 Bxe5 32. Bh7+ Kh8 33.
Be4+ Kg8 34. Bxd5 Bf4 35. Qg6+ Kf8 36. Qb1 Rxe1+ 37. Nxe1 Re5 38. Bxb7 Re6 39.
Qd1 Bd6 40. g3 Ke7 41. Nf3 Kd7 42. Qd5 1-0

[Event "18sen.Bay.EM2006 Schney op"]
[Site "Schloss Schney (25.6.-3.7)"]
[Date "2006.07.01"]
[Round "7.32"]
[White "Porkristl, Werner"]
[Black "Geisensetter, Kurt"]
[Result "1-0"]
[WhiteElo "1635"]
[BlackElo "1644"]
[PlyCount "148"]
[EventDate "2006.07.??"]
[Source "Ganslmayer"]
[SourceDate "2012.12.20"]

1. Nc3 d5 2. e3 Nf6 3. Nce2 e5 4. Ng3 Bd6 5. b3 Qe7 6. Bb5+ c6 7. Be2 O-O 8.
Nf3 e4 9. Nd4 Be5 10. Bb2 Qc7 11. c3 a6 12. Nc2 Re8 13. d4 Be6 14. Ba3 Bd6 15.
Bxd6 Qxd6 16. h3 Nbd7 17. b4 b5 18. a4 Nb6 19. a5 Nc8 20. Kd2 Qd7 21. Qg1 Nd6
22. Qh2 Nc4+ 23. Bxc4 bxc4 24. Ne2 Kf8 25. g4 Ke7 26. Qe5 Qd6 27. Qg5 Kf8 28.
Qh4 Qe7 29. Rag1 g6 30. Qh6+ Kg8 31. Qf4 Kh8 32. Qe5 Bd7 33. Qf4 Rg8 34. h4 Rg7
35. g5 Nh5 36. Qc7 Rgg8 37. Ne1 Rge8 38. Ng2 Bf5 39. Qxc6 Qe6 40. Qa4 Qd7 41.
Qa3 Bg4 42. Nef4 Ng7 43. Ne1 Bf5 44. h5 Ne6 45. Nxe6 fxe6 46. Ng2 Kg7 47. hxg6
hxg6 48. Rh6 Rh8 49. Rgh1 Qe7 50. Qa4 Rxh6 51. gxh6+ Kh7 52. Nf4 g5 53. Ne2 Bg6
54. Ng3 Rf8 55. Rh2 Be8 56. Qd1 Qf6 57. Qg4 Bg6 58. Nh5 Qf7 59. Ng7 Bf5 60.
Qxg5 Qg6 61. Qh4 Qg1 62. Nxf5 Rxf5 63. Qe7+ Kh8 64. Qh4 Kg8 65. Qg3+ Qxg3 66.
fxg3 Rf6 67. b5 axb5 68. a6 e5 69. Rh5 Rxa6 70. Rxe5 Ra2+ 71. Kc1 Ra1+ 72. Kb2
Rg1 73. Rxd5 Rxg3 74. Rxb5 Rxe3 1-0

[Event "18sen.Bay.EM2006 Schney op"]
[Site "Schloss Schney (25.6.-3.7)"]
[Date "2006.07.01"]
[Round "7.33"]
[White "Muenzenberg, Dietrich"]
[Black "Van Houten, Henk"]
[Result "1-0"]
[WhiteElo "1697"]
[BlackElo "1597"]
[PlyCount "135"]
[EventDate "2006.07.??"]
[Source "Ganslmayer"]
[SourceDate "2012.12.20"]

1. d4 d5 2. Bg5 Nf6 3. Bxf6 exf6 4. g3 c6 5. e3 Be6 6. Bg2 f5 7. a3 Nd7 8. Ne2
Nf6 9. Nd2 Bd6 10. O-O Ne4 11. Rc1 Qa5 12. Nb3 Qb6 13. f3 Nf6 14. Nc3 Nd7 15.
Na4 Qb5 16. Nc3 Qb6 17. Re1 O-O 18. Bf1 Qc7 19. Qd3 a6 20. Bg2 c5 21. dxc5 Nxc5
22. Nxc5 Qxc5 23. b4 Qc6 24. f4 Qc4 25. Red1 Qxd3 26. Rxd3 a5 27. Nxd5 axb4 28.
axb4 Bxd5 29. Bxd5 Bxb4 30. Bxb7 Rab8 31. Bd5 Bc5 32. Kf2 Rb2 33. Bb3 g6 34.
Ra1 Kg7 35. Ra5 Bb4 36. Rb5 Be7 37. Rd7 Ba3 38. Rbb7 h5 39. h4 Kh6 40. Rxf7
Rxf7 41. Rxf7 Bb4 42. Rb7 Bc3 43. Rc7 Bg7 44. Bg8 Rb8 45. Bf7 Bf6 46. Rd7 Kg7
47. Bb3+ Kh8 48. Ke2 Rb6 49. Bd5 Bg7 50. Rb7 Rxb7 51. Bxb7 Kg8 52. c4 Bf8 53.
Kd3 Kf7 54. Kd4 Ke7 55. c5 Bg7+ 56. Kd5 Bc3 57. e4 Ba5 58. exf5 gxf5 59. Ke5
Be1 60. Kxf5 Bxg3 61. Kg5 Bf2 62. c6 Kd6 63. Kxh5 Bg3 64. Kg5 Bf2 65. h5 Bb6
66. h6 Bd4 67. f5 Be5 68. Kg6 1-0

[Event "18sen.Bay.EM2006 Schney op"]
[Site "Schloss Schney (25.6.-3.7)"]
[Date "2006.07.01"]
[Round "7.34"]
[White "Wanner, Georges"]
[Black "Kurz, Leonhard"]
[Result "1-0"]
[WhiteElo "1593"]
[BlackElo "1634"]
[PlyCount "145"]
[EventDate "2006.07.??"]
[Source "Ganslmayer"]
[SourceDate "2012.12.20"]

1. e4 c5 2. Nf3 d6 3. d4 cxd4 4. Nxd4 Nf6 5. Nc3 a6 6. Bg5 e5 7. Nb3 Be7 8. Qd2
Be6 9. O-O-O Nbd7 10. Be2 h6 11. Be3 Rc8 12. f3 b5 13. g4 Bxb3 14. axb3 Nf8 15.
Kb1 Qc7 16. h4 Ne6 17. g5 Nh5 18. Nd5 Qc6 19. Nxe7 Kxe7 20. gxh6 gxh6 21. Bd3
Nhf4 22. Rhg1 Rhg8 23. Rxg8 Rxg8 24. Rg1 Rxg1+ 25. Bxg1 Nc5 26. Bf1 Qd7 27. Bh2
Nce6 28. c4 Nc5 29. Qe3 bxc4 30. Bxc4 Qh3 31. Bxf4 exf4 32. Qxf4 Qh1+ 33. Ka2
Qe1 34. Qxf7+ Kd8 35. Qf6+ Kc7 36. Qxh6 Qa5+ 37. Kb1 Qe1+ 38. Qc1 Qxh4 39. Bxa6
Kb6 40. Bc4 Qf2 41. Qc3 Nd7 42. Qb4+ Kc7 43. Qa5+ Nb6 44. Qa7+ Kc6 45. Bd5+ Kb5
46. Bc4+ Kc6 47. Qa5 Qxf3 48. Qb5+ Kc7 49. Qf5 Qxf5 50. exf5 d5 51. Bd3 Kd6 52.
Kc2 Ke5 53. Kd2 d4 54. b4 Na4 55. Kc2 Nb6 56. Kb3 Kd5 57. b5 Kc5 58. f6 Kd6 59.
f7 Ke7 60. Bg6 Nd5 61. Kc2 Nf4 62. b6 Nxg6 63. b7 Kxf7 64. b8=Q Kf6 65. Qd6+
Kg5 66. Qxd4 Nf4 67. b4 Kf5 68. b5 Ne6 69. Qf2+ Ke5 70. b6 Nd4+ 71. Qxd4+ Kxd4
72. b7 Kc5 73. b8=Q 1-0

[Event "18sen.Bay.EM2006 Schney op"]
[Site "Schloss Schney (25.6.-3.7)"]
[Date "2006.07.01"]
[Round "7.35"]
[White "Karner, Irmgard"]
[Black "Zellner, Erwin"]
[Result "1/2-1/2"]
[WhiteElo "1575"]
[BlackElo "1613"]
[PlyCount "53"]
[EventDate "2006.07.??"]
[Source "Ganslmayer"]
[SourceDate "2012.12.20"]

1. d4 Nf6 2. Nf3 d5 3. e3 c6 4. Bd3 g6 5. b3 Bg7 6. Bb2 O-O 7. Nbd2 Re8 8. O-O
Nbd7 9. c4 e6 10. h3 Qc7 11. Qc2 b6 12. Rac1 Bb7 13. cxd5 Nxd5 14. a3 Qd8 15.
Rb1 Rc8 16. Qd1 Ne7 17. Ne4 Nf6 18. Nxf6+ Bxf6 19. Qe2 Qd7 20. Rfd1 Qc7 21.
Rbc1 Qb8 22. Ba6 Rc7 23. Bxb7 Qxb7 24. b4 Rec8 25. Rc2 b5 26. Rdc1 a6 27. Nd2
1/2-1/2

[Event "18sen.Bay.EM2006 Schney op"]
[Site "Schloss Schney (25.6.-3.7)"]
[Date "2006.07.01"]
[Round "7.36"]
[White "Wilfert, Eva-Maria"]
[Black "Reichenbacher, Gerhard"]
[Result "0-1"]
[WhiteElo "1543"]
[BlackElo "1716"]
[PlyCount "40"]
[EventDate "2006.07.??"]
[Source "Ganslmayer"]
[SourceDate "2012.12.20"]

1. d4 Nf6 2. Nf3 e6 3. Bf4 c5 4. e3 cxd4 5. exd4 Be7 6. Bd3 O-O 7. O-O b6 8. c4
Bb7 9. Nc3 d5 10. b3 Nbd7 11. Rc1 Ne4 12. Nd2 Ndf6 13. f3 Nxc3 14. Rxc3 dxc4
15. Nxc4 Qxd4+ 16. Be3 Qxc3 17. Qe2 Rfd8 18. Bb1 Bc5 19. Bxc5 bxc5 20. Kh1 Ba6
0-1

[Event "18sen.Bay.EM2006 Schney op"]
[Site "Schloss Schney (25.6.-3.7)"]
[Date "2006.07.01"]
[Round "7.37"]
[White "Paulsen, Eckart"]
[Black "Salomon, Heide++"]
[Result "1-0"]
[WhiteElo "1646"]
[BlackElo "1522"]
[PlyCount "117"]
[EventDate "2006.07.??"]
[Source "Ganslmayer"]
[SourceDate "2012.12.20"]

1. f4 e5 2. fxe5 d6 3. exd6 Bxd6 4. Nf3 Nc6 5. d4 Qe7 6. Nc3 Bf5 7. Nb5 Nf6 8.
Bg5 h6 9. Bxf6 Qxf6 10. Nxd6+ Qxd6 11. a3 O-O 12. Qd2 Be4 13. O-O-O Qd5 14. Kb1
Na5 15. e3 Rfd8 16. Bd3 Nc4 17. Bxc4 Qxc4 18. Ne5 Qe6 19. Rhf1 f6 20. Nd3 b6
21. Nf4 Qc4 22. g3 c5 23. Qc3 Qb5 24. Ka1 cxd4 25. exd4 Rac8 26. Qb3+ Qxb3 27.
cxb3 Bc2 28. Rd2 Bxb3 29. d5 Rd6 30. Re1 Kf7 31. Rd3 Ba4 32. Rde3 Rc7 33. Re6
Rcd7 34. R1e3 Bb5 35. Rc3 Rxd5 36. Nxd5 Kxe6 37. Nc7+ Rxc7 38. Rxc7 Bd7 39.
Rxa7 b5 40. Kb1 g5 41. Kc2 Be8 42. Kd2 Kf5 43. h3 h5 44. Ke3 Kg6 45. Rb7 Bc6
46. Rc7 Bg2 47. h4 f5 48. Kf2 Be4 49. Rc5 Bd3 50. Ke3 Bf1 51. hxg5 Kxg5 52. Rc1
Bg2 53. Kf2 Be4 54. b3 Kg4 55. a4 bxa4 56. bxa4 h4 57. gxh4 Kxh4 58. Rc4 Kg5
59. Rxe4 1-0

[Event "18sen.Bay.EM2006 Schney op"]
[Site "Schloss Schney (25.6.-3.7)"]
[Date "2006.07.01"]
[Round "7.38"]
[White "Narr, Irmgard"]
[Black "Bauer, Hermann(31)"]
[Result "1-0"]
[WhiteElo "1513"]
[BlackElo "1620"]
[PlyCount "65"]
[EventDate "2006.07.??"]
[Source "Ganslmayer"]
[SourceDate "2012.12.20"]

1. e4 d6 2. Nf3 g6 3. Bc4 Bg7 4. Ng5 e6 5. d3 Nf6 6. c3 O-O 7. Be3 Qe7 8. O-O
Nbd7 9. Bb3 b6 10. Na3 c6 11. Re1 Bb7 12. Qd2 Ng4 13. Nf3 Nxe3 14. Qxe3 Nf6 15.
h3 Nd7 16. d4 c5 17. Rad1 cxd4 18. cxd4 Nf6 19. Bc2 Rfc8 20. Bb1 Qd7 21. e5 Nd5
22. Qg5 dxe5 23. dxe5 Qe7 24. Qg4 Rc5 25. Nc4 Nc7 26. b3 Bxf3 27. Qxf3 Rd5 28.
Be4 Rxd1 29. Rxd1 Rd8 30. Rxd8+ Qxd8 31. Nd6 Qe7 32. Qc3 Qxd6 33. exd6 1-0

[Event "18sen.Bay.EM2006 Schney op"]
[Site "Schloss Schney (25.6.-3.7)"]
[Date "2006.07.01"]
[Round "7.39"]
[White "Erler, Klaus-Juergen"]
[Black "Erdmann, Wolfgang"]
[Result "1-0"]
[WhiteElo "1627"]
[BlackElo "1505"]
[PlyCount "73"]
[EventDate "2006.07.??"]
[Source "Ganslmayer"]
[SourceDate "2012.12.20"]

1. c4 Nf6 2. Nc3 e6 3. e4 d6 4. d4 b6 5. Be2 Nbd7 6. Be3 e5 7. Qd2 Bb7 8. f3
Be7 9. Nh3 c6 10. O-O Qc7 11. Rac1 Rd8 12. Rfd1 O-O 13. a3 Bc8 14. Qc2 Rfe8 15.
Bf1 Nf8 16. g3 Bd7 17. d5 c5 18. b4 Rb8 19. b5 Qc8 20. Nf2 h6 21. Bg2 N6h7 22.
Qd2 Ng5 23. h4 Ngh7 24. a4 a5 25. Kh2 f5 26. Bh3 Ng6 27. h5 Nh8 28. f4 Bf6 29.
exf5 Bxf5 30. Bxf5 Qxf5 31. g4 Qd7 32. Nce4 Kf7 33. g5 hxg5 34. fxg5 Nxg5 35.
Bxg5 Rg8 36. Rg1 Qf5 37. Nxd6+ 1-0

[Event "18sen.Bay.EM2006 Schney op"]
[Site "Schloss Schney (25.6.-3.7)"]
[Date "2006.07.01"]
[Round "7.40"]
[White "Rudolph, Rainer"]
[Black "Van Bellen, Henk Dr"]
[Result "0-1"]
[WhiteElo "1345"]
[BlackElo "1731"]
[PlyCount "60"]
[EventDate "2006.07.??"]
[Source "Ganslmayer"]
[SourceDate "2012.12.20"]

1. e4 d6 2. d4 Nf6 3. Nc3 Nbd7 4. Nf3 e5 5. Bc4 h6 6. O-O Be7 7. Re1 c6 8. b3
b5 9. Bf1 g5 10. d5 b4 11. Na4 Bb7 12. c4 c5 13. Qd3 Nf8 14. Be2 Ng6 15. g3 Bc8
16. Bd2 Nh7 17. Bc1 g4 18. Nd2 h5 19. Nb1 Rf8 20. Rf1 f5 21. Nb2 fxe4 22. Qxe4
Bf5 23. Qh1 Bg5 24. Bd3 Qf6 25. Bxf5 Qxf5 26. Bxg5 Nxg5 27. Nd2 Nh3+ 28. Kg2
Qc2 29. Rae1 Qxd2 30. Nd1 Kd7 0-1

[Event "18sen.Bay.EM2006 Schney op"]
[Site "Schloss Schney (25.6.-3.7)"]
[Date "2006.07.01"]
[Round "7.41"]
[White "Straesser, Gerda"]
[Black "Brockhaus, Werner"]
[Result "1/2-1/2"]
[WhiteElo "1539"]
[BlackElo "1510"]
[PlyCount "28"]
[EventDate "2006.07.??"]
[Source "Ganslmayer"]
[SourceDate "2012.12.20"]

1. e4 g6 2. d4 Bg7 3. Nf3 d6 4. h3 Nf6 5. Nc3 O-O 6. Be2 b6 7. O-O Bb7 8. Bd3
Nbd7 9. Be3 c6 10. Qd2 a6 11. Rfd1 b5 12. a3 Rc8 13. Bh6 c5 14. Bxg7 Kxg7
1/2-1/2

[Event "18sen.Bay.EM2006 Schney op"]
[Site "Schloss Schney (25.6.-3.7)"]
[Date "2006.07.01"]
[Round "7.42"]
[White "Von Berg, Hans-Dieter"]
[Black "Jakubowski, Karl++"]
[Result "1/2-1/2"]
[WhiteElo "1491"]
[BlackElo "1373"]
[PlyCount "56"]
[EventDate "2006.07.??"]
[Source "Ganslmayer"]
[SourceDate "2012.12.20"]

1. Nf3 Nc6 2. d4 d5 3. Bf4 e6 4. e3 Nf6 5. Bg5 Be7 6. c4 Ne4 7. Bxe7 Nxe7 8.
Bd3 Nf6 9. Nc3 c6 10. O-O O-O 11. Rc1 Bd7 12. cxd5 Nfxd5 13. Nxd5 Nxd5 14. a3
h6 15. Re1 Qb6 16. Qc2 Rac8 17. b4 a5 18. Ne5 Be8 19. Qc5 Qxc5 20. bxc5 f6 21.
Nf3 Bh5 22. Be2 Rb8 23. Nd2 Bxe2 24. Rxe2 b6 25. e4 Nf4 26. Re3 b5 27. f3 Ng6
28. Rb1 f5 1/2-1/2

[Event "18sen.Bay.EM2006 Schney op"]
[Site "Schloss Schney (25.6.-3.7)"]
[Date "2006.07.01"]
[Round "7.44"]
[White "Melzig, Ernst"]
[Black "Jurgan, Brigitte"]
[Result "1-0"]
[WhiteElo "1362"]
[BlackElo "1163"]
[PlyCount "117"]
[EventDate "2006.07.??"]
[Source "Ganslmayer"]
[SourceDate "2012.12.20"]

1. b4 c6 2. Bb2 Nf6 3. e3 g6 4. c4 d6 5. Nf3 Bg7 6. Be2 b6 7. Nc3 O-O 8. O-O
Nbd7 9. Rb1 c5 10. b5 Rb8 11. d4 Re8 12. d5 e6 13. dxe6 Rxe6 14. Ng5 Qe7 15.
Nxe6 Qxe6 16. Nd5 Nxd5 17. cxd5 Qe8 18. Bxg7 Kxg7 19. Rb3 Nf6 20. Bf3 Bf5 21.
Re1 Be4 22. Bxe4 Nxe4 23. Qa1+ f6 24. f3 Nd2 25. Rd3 Nc4 26. Qc3 Ne5 27. Rd2 g5
28. h3 Rb7 29. Rf1 Rf7 30. f4 gxf4 31. exf4 Nd7 32. Qg3+ Kh8 33. Re1 Qf8 34.
Qe3 f5 35. Qe8 Nf6 36. Qxf8+ Rxf8 37. Re7 Ne4 38. Rc2 Kg8 39. Rxa7 Rf7 40. Ra6
Rb7 41. g4 fxg4 42. hxg4 Kg7 43. Kg2 Kg6 44. Kf3 Nf6 45. Rd2 h5 46. gxh5+ Nxh5
47. Rg2+ Kf5 48. Rg5+ Kf6 49. Rxh5 c4 50. Ra3 Rc7 51. Rc3 Rc5 52. a4 Rc7 53.
Rh1 Rc5 54. Ke4 Rc8 55. Rh6+ Ke7 56. f5 Re8 57. Re6+ Kf7 58. Rxe8 Kxe8 59. Rxc4
1-0

[Event "18sen.Bay.EM2006 Schney op"]
[Site "Schloss Schney (25.6.-3.7)"]
[Date "2006.07.01"]
[Round "7.46"]
[White "Ludwig, Karl-Heinz ProfDr"]
[Black "Conitz, Helmut"]
[Result "0-1"]
[WhiteElo "1157"]
[BlackElo "1440"]
[PlyCount "106"]
[EventDate "2006.07.??"]
[Source "Ganslmayer"]
[SourceDate "2012.12.20"]

1. f4 d5 2. d4 Nf6 3. Nc3 c6 4. e3 Bf5 5. Bd3 Qd7 6. Nf3 Bg4 7. h3 Bxf3 8. Qxf3
e6 9. O-O g6 10. b3 Bd6 11. a4 Qc7 12. Bb2 a5 13. e4 dxe4 14. Nxe4 Nxe4 15.
Bxe4 O-O 16. c4 Be7 17. Rac1 f5 18. Bd3 Bf6 19. Rc2 Qb6 20. Re2 Bxd4+ 21. Bxd4
Qxd4+ 22. Kh2 Rf6 23. Rfe1 Qd6 24. g3 Nd7 25. Re3 Re8 26. Rd1 Qe7 27. Bc2 e5
28. Qe2 Re6 29. Qd2 exf4 30. Rxe6 fxg3+ 31. Kxg3 Qxe6 32. Rf1 Qe3+ 33. Qxe3
Rxe3+ 34. Rf3 Rxf3+ 35. Kxf3 c5 36. Kf4 Kg7 37. Bd1 Kf6 38. h4 Nf8 39. Bf3 b6
40. Bd5 h6 41. Kg3 Ne6 42. Bxe6 Kxe6 43. Kf4 Kf6 44. Kg3 Ke5 45. Kf3 g5 46.
hxg5 hxg5 47. Kg3 Ke4 48. Kf2 Kf4 49. Kg2 Kg4 50. Kf2 Kh3 51. Kg1 g4 52. Kf2
Kh2 53. Kf1 g3 0-1

[Event "18sen.Bay.EM2006 Schney op"]
[Site "Schloss Schney (25.6.-3.7)"]
[Date "2006.07.01"]
[Round "7.47"]
[White "Fiedler, Werner(23)"]
[Black "Eckstein, Luise"]
[Result "1-0"]
[WhiteElo "1629"]
[BlackElo "1092"]
[PlyCount "51"]
[EventDate "2006.07.??"]
[Source "Ganslmayer"]
[SourceDate "2012.12.20"]

1. d4 d5 2. Bf4 Bf5 3. Nd2 e6 4. Ngf3 h6 5. e3 Nf6 6. h3 Bd6 7. Ne5 O-O 8. Be2
Nc6 9. Ndf3 a6 10. O-O Ne7 11. c4 c6 12. Rc1 c5 13. dxc5 Bxc5 14. cxd5 Ba7 15.
d6 Ned5 16. Bh2 Qxd6 17. Ng6 Qd7 18. Nfe5 Qc8 19. Nxf8 Qxf8 20. Qa4 Nb6 21. Qb3
Qe8 22. Rc7 Rb8 23. Rd1 Nfd5 24. Rcc1 f6 25. Nc4 Nxc4 26. Bxb8 1-0